History Quiz

Random History or War Quiz

Famous War Paintings Quiz Stats

 Plays Quiz Updated Aug 8, 2014

Support Sporcle.
Go Orange.
Score 0/20 Timer 08:00
1 Play Today
% Correct
American War of Independence
92.5%
First World War
89.4%
Korean War
83.4%
Second World War
79.7%
Vietnam War
77.7%
Napoleonic Wars
69.4%
First Crusade
65%
American Civil War
64.7%
Spanish Civil War
56.6%
Hundred Years' War
54.7%
% Correct
Crimean War
54.1%
Mexican-American War
52.5%
French Revolutionary Wars
47.1%
Second Punic War
45.7%
Anglo-Zulu War
45.4%
Franco-Prussian War
37.8%
Gallic Wars
34%
Great Sioux War of 1876
28.1%
Thirty Years War
26.1%
Russian Civil War
22.8%

You're not logged in!

Compare scores with friends on all Sporcle quizzes.
OR
Log In

From the Vault

18 Ways Not to 'Share'

by timmylemoine1

Did you ever learn that sharing is caring? Well, it's time to unlearn that.
Remove Ads.
Support Sporcle.
Get the best of Sporcle when you Go Orange. This ad-free experience offers more features, more stats, and more fun while also helping to support Sporcle. Thank you for becoming a member.

Show Comments

Extras

Top Quizzes Today


Score Distribution

Your Account Isn't Verified!

In order to create a playlist on Sporcle, you need to verify the email address you used during registration. Go to your Sporcle Settings to finish the process.

Report this User

Report this user for behavior that violates our Community Guidelines.

Details: